La abolición del ejército en Costa Rica : hito de un cambio de democracia y paz /
Guardado en:
| Autor principal: | |
|---|---|
| Otros Autores: | |
| Formato: | Libro |
| Lenguaje: | Spanish |
| Publicado: |
San José, Costa Rica :
Comisión Nacional de Conmemoraciones Históricas : Junta Administrativa de la Impr. Nacional,
1988.
|
| Materias: | |
| Etiquetas: |
Agregar Etiqueta
Sin Etiquetas, Sea el primero en etiquetar este registro!
|
MARC
| LEADER | 00000nam a2200000 a 4500 | ||
|---|---|---|---|
| 001 | 2463944 | ||
| 005 | 20141125044507.0 | ||
| 008 | 891220s1988 cr a b f000 0 spa | ||
| 020 | |a 9977590737 | ||
| 040 | |a DLC |c DLC |d CRU CIICLA | ||
| 082 | 0 | 0 | |a 972.86 |2 20 |b C413a |
| 100 | 1 | |a Cerdas Albertazzi, Ana Luisa. | |
| 245 | 1 | 3 | |a La abolición del ejército en Costa Rica : |b hito de un cambio de democracia y paz / |c Ana Luisa Cerdas Albertazzi, Gerardo A. Vargas Cambronero. |
| 260 | |a San José, Costa Rica : |b Comisión Nacional de Conmemoraciones Históricas : |b Junta Administrativa de la Impr. Nacional, |c 1988. | ||
| 300 | |a 105 páginas : |b ilustraciones. | ||
| 504 | |a Incluye referencias bibliográficas (páginas 103-105). | ||
| 610 | 1 | 4 | |a COSTA RICA |b EJERCITO |x HISTORIA |
| 650 | 1 | 4 | |a DESARME |
| 651 | 1 | 4 | |a COSTA RICA |x HISTORIA |
| 700 | 1 | 2 | |a Vargas Cambronero, Gerardo A. |q (Gerardo Alberto) |
| 942 | |2 ddc |c BK | ||
| 999 | |c 3607 |d 3607 | ||



